Zelená psychologie /

Hlavní autor: Metzner, Ralph, 1936-2019
Jazyk: Čeština
Vydáno: Praha : Triton, 2011
Vydání: Vyd. 1.
Edice: Psyché (Triton)
Témata:
Fyzický popis: 257 s. : il., portréty, faksim. ; 20 cm
Knihy
Uloženo v:
LEADER 02503nam a2200673 a 4500
001 nkc20112183714
003 CZ PrNK
005 20110601144837.0
007 ta
008 110418s2011 xr ach f 001 0 cze
015 |a cnb002183714 
020 |a 978-80-7387-445-2  |q (brož.) 
035 |a (OCoLC)730409304 
040 |a OLA001  |b cze 
041 1 |a cze  |h eng 
072 7 |a 159.98  |x Aplikovaná psychologie  |2 Konspekt  |9 17 
080 |a 502.2  |2 MRF 
080 |a 159.9  |2 MRF 
080 |a 502.1  |2 MRF 
080 |a 159.923.35  |2 MRF 
080 |a 2-1  |2 MRF 
080 |a 615.851:615.214  |2 MRF 
080 |a 159.98:502  |2 MRF 
080 |a 502.1  |2 MRF 
080 |a 316.74  |2 MRF 
080 |a (048.8)  |2 MRF 
100 1 |a Metzner, Ralph,  |d 1936-2019  |7 xx0048407  |4 aut 
245 1 0 |a Zelená psychologie /  |c Ralph Metzner ; přeložil Luděk Louis Thompson Pober 
250 |a Vyd. 1. 
260 |a Praha :  |b Triton,  |c 2011 
300 |a 257 s. :  |b il., portréty, faksim. ;  |c 20 cm 
490 1 |a Psyché ;  |v sv. č. 68 
500 |a Přeloženo z angličtiny 
504 |a Obsahuje bibliografii, bibliografické odkazy a rejstřík 
650 0 7 |a příroda  |7 ph115994  |x psychologické aspekty  |2 czenas 
650 0 7 |a člověk a příroda  |7 ph116877  |2 czenas 
650 0 7 |a lidská psychika  |7 ph117220  |x náboženské aspekty  |2 czenas 
650 0 7 |a psychedelická terapie  |7 ph201877  |2 czenas 
650 0 7 |a environmentální psychologie  |7 ph173227  |2 czenas 
650 0 7 |a environmentalismus  |7 ph114474  |2 czenas 
650 0 7 |a kultura a náboženství  |7 ph138513  |2 czenas 
650 0 9 |a nature  |x psychological aspects  |2 eczenas 
650 0 9 |a man and nature  |2 eczenas 
650 0 9 |a human psychic  |x religious aspects  |2 eczenas 
650 0 9 |a psychedelic therapy  |2 eczenas 
650 0 9 |a ecological psychology  |2 eczenas 
650 0 9 |a environmentalism  |2 eczenas 
650 0 9 |a culture and religion  |2 eczenas 
655 7 |a monografie  |7 fd132842  |2 czenas 
655 9 |a monographs  |2 eczenas 
765 0 |t Green psychology  |9 Česky 
830 0 |a Psyché (Triton)  |0 s 
910 2 |a BOA001  |b 1-1266.324 
990 |a BK 
995 |a 01 
991 |b 201105  |c NOV  |j 159.98 MET  |e n 
996 6 |b 2610478066  |c 1-1266.324  |l MZK  |r Sklad / do 1 hodiny  |n 1  |p p.v.  |w 001178348  |u 000010  |a 1  |e BOA001  |j MZK50  |s P 
996 7 |b 2610479434  |c 1-1266.324  |l Vol.výběr  |r VV 0p  |n 36  |p kup  |h 159.98 MET  |w 001178348  |u 000020  |a 0  |e BOA001  |j MZK50  |s A 
996 7 |b 2610479435  |c 1-1266.324  |l Vol.výběr  |r VV 0p  |n 28  |p kup  |h 159.98 MET  |w 001178348  |u 000030  |a 0  |e BOA001  |j MZK50  |s A